1301 1625 1671 1091 1095 1078 1423 1528 1678 1198 1523 1282 1906 1740 1249 1203 1317 1295 1870 1709 1779 1191 1641 1631 1415 1716 1726 1253 1223 1290 1008 1023 1322 1313 1705 1157 1809 1684 1068 1769 1145 1421 1482 1502 1667 1178 1285 1000 1520 1800 1335 1707 1305 1594 1707 1856 1848 1722 1951 1034 1015 1291 1414 1910 1605 1157 1665 1084 1255 1343 1041 1813 1475 1217 1759 1042 1464 1075 1624 1811 1694 1168 1832 1329 1931 1048 1870 1860 1396 1771 1329 1929 1146 1671 1990 1999 1450 1041 1420 BCNSPRNW ULIB Ver.6.0+V

เปลี่ยนเป็นภาษาไทย

Change to English
 แสดงรายละเอียดบรรณานุกรม
  กลับหน้าหลัก

Brief Record : Get Marc (ISO 2709) : E-mail record : QR code < ปิดหน้าต่าง
LEADER : 00000nam 2200000uu 4500
001    13399109703
003     ULIB
008    110408s2548||||th 000 0 tha d
020    974970181x
060 04 WV140^bก482ก 2548
111 2  การประชุมวิชาการเภสัชศาสตร์^n(ครั้งที่ 3 :^d2548 :^cปทุมธานี)
245 10 การประชุมวิชาการเภสัชศาสตร์ครั้งที่ 3 เรื่อง ยาและโรคตา หูคอ จมูก :^bวันที่ 20-21 มกราคม 2548 ณ ห้องประชุม 1-301 อาคารอาทิตย์ อุไรรัตน์ มหาวิทยาลัยรังสิต /^cโดย คณะเภสัชศาสตร์ มหาวิทยาลัยรังสิต ร่วมกับ สำนักงานคณะกรรมการอาหารและยา กระทรวงสาธารณสุข ; บรรณาธิการ: กุสาวดี เมลืองนนท์ ... [และคนอื่นๆ]
246 30 ยาและโรคตา หู คอ จมูก
250    พิมพ์ครั้งที่ 1
260    ปทุมธานี :^bคณะ,^c2548
300    [7], 203, [8] หน้า :^bภาพประกอบ ;^c27 ซม
504    มีบรรณานุกรมและดัชนี
650  7 เภสัชศาสตร์^vการประชุม
650  7 ยารักษาโรคทางระบบหูคอจมูกและกล่องเสียง
650  7 ยาตา
650  7 หูคอจมูกและกล่องเสียง, โรค^xการรักษาด้วยยา
650  7 ตา, โรค^xการรักษาด้วยยา
700 0  กุสาวดี เมลืองนนท์,^eบรรณาธิการ
710 2  มหาวิทยาลัยรังสิต. ^bคณะเภสัชศาสตร์
710 2  สำนักงานคณะกรรมการอาหารและยา
945    ^p0^l0^i018826
995    เกษร
999 ^a ใช้งานได้ทุกระบบ
รายการนี้ยังไม่มีแท็ก
คุณยังไม่ได้ล็อกอิน คุณสามารถมีกิจกรรมร่วมกับเว็บไซต์ได้ แต่ต้องล็อกอินก่อน ::
  ล็อกอิน

รายการสื่อสารสนเทศ

ลำดับที่ ประเภท เลขเรียก/บาร์โค้ด สถานที่ สถานะ
- ไม่พบข้อมูล -

BibComment


ยังไม่เคยถูกคอมเมนท์

คอมเมนท์ทรัพยากรรายการนี้
  คอมเมนท์: การประชุมวิชาการเ..


 Copyright 2026. Bcnsprnw @Library